| 000 | 00000nam##2200000za#4500 |
| 001 | 9.681429 |
| 003 | CaOODSP |
| 005 | 20200330070848 |
| 007 | ta |
| 008 | 150407|2001||||xxc||||| f|0| 0 fre|d |
| 020 | |a0-660-96499-6 |
| 040 | |aCaOODSP|bfre |
| 043 | |an-cn--- |
| 086 | 1 |aF2-154/2001F |
| 110 | 1 |aCanada. |bMinistère des finances. |
| 245 | 10|aModifications de la Loi sur la taxe d'accise: notes explicatives / |cPublié par le ministre des Finances. |
| 260 | |aOttawa - Ontario : |bFinances Canada |c2001. |
| 300 | |a84p. ; |c23 cm. |
| 563 | |aCouverture souple |
| 590 | |a01-10|b2001-03-09 |
| 691 | 07|aDouanes|2gcpds |
| 691 | 07|aAmendement|2gcpds |
| 775 | 08|tAmendments to the Excise Tax Act : |w(CaOODSP)9.648048 |
| 776 | 0#|tModifications de la Loi sur la taxe d'accise |w(CaOODSP)9.640569 |